[Event "RUS-chT U20"]
[Site "Kolomna"]
[Date "2014.08.04"]
[Round "3"]
[White "Chuprova, Irina"]
[Black "Povolotsky, Evgeny"]
[Result "0-1"]
[WhiteElo "1961"]
[BlackElo "2081"]
[PlyCount "108"]
[EventDate "2014.08.02"]
[EventType "swiss"]
[EventRounds "9"]
[EventCountry "RUS"]
[SourceTitle "EXT 2016"]
[Source "ChessBase"]
[SourceDate "2015.10.08"]
[SourceVersion "1"]
[SourceVersionDate "2015.10.08"]
[SourceQuality "1"]

1. e4 d6 2. d4 Nf6 3. Nc3 e5 4. Nge2 Nbd7 5. g3 g6 6. Bg2 Bg7 7. h3 b6 8. d5 Bb7 9. Be3 a6 10. a4 0-0 11. 0-0 Qe7 12. a5 b5 13. Qd2 Ne8 14. g4 Rc8 15. Ng3 c6 16. Rfc1 cxd5 17. Nxd5 Bxd5 18. Qxd5 Nc7 19. Qc6 Nc5 20. b4 N7e6 21. Qd5 Nf4 22. Qd2 Nce6 23. Bf1 Qh4 24. Qd1 Nxh3+ 25. Bxh3 Qxh3 26. c4 Nf4 27. Qf3 bxc4 28. b5 axb5 29. Rcb1 h5 30. gxh5 gxh5 31. Qh1 h4 32. Qxh3 Nxh3+ 33. Kh2 hxg3+ 34. Kxh3 gxf2 35. a6 f5 36. Rxb5 fxe4 37. Kg2 Ra8 38. a7 c3 39. Bxf2 Bh6 40. Ra2 e3 41. Be1 Kg7 42. Bxc3 Rf7 43. Rba5 Kf6 44. Bb4 Ke6 45. Ra6 Rg8+ 46. Kh3 Bf8 47. Be1 Rh7+ 48. Bh4 Be7 49. R6a4 Bxh4 50. Rxh4 Rxh4+ 51. Kxh4 Ra8 52. Kg4 e2 53. Rxe2 Rxa7 54. Rd2 Rf7 0-1

[Event "EU-ch U16 Girls 23rd"]
[Site "Budva"]
[Date "2013.10.06"]
[Round "7"]
[White "Egyed, Viktoria"]
[Black "Chuprova, Irina"]
[Result "0-1"]
[WhiteElo "1835"]
[BlackElo "1995"]
[PlyCount "40"]
[EventDate "2013.09.29"]
[EventType "swiss"]
[EventRounds "9"]
[EventCountry "MNE"]
[SourceTitle "EXT 2014"]
[Source "ChessBase"]
[SourceDate "2013.11.20"]
[SourceVersion "1"]
[SourceVersionDate "2013.11.20"]
[SourceQuality "1"]

1. e4 e6 2. d3 d5 3. Nd2 c5 4. Ngf3 Nf6 5. g3 g6 6. Bg2 Bg7 7. 0-0 0-0 8. Re1 Nc6 9. Nf1 dxe4 10. dxe4 Qxd1 11. Rxd1 Nxe4 12. c3 e5 13. Be3 Bf5 14. N3d2 Nxd2 15. Nxd2 Rfd8 16. Nb3 Rxd1+ 17. Rxd1 Rd8 18. Rxd8+ Nxd8 19. Nxc5 b6 20. Ne4 Kf8 0-1

[Event "RUS-chT U20"]
[Site "Kaliningrad"]
[Date "2013.08.05"]
[Round "4"]
[White "Kiseleva, Arina"]
[Black "Chuprova, Irina"]
[Result "0-1"]
[WhiteElo "1970"]
[BlackElo "1967"]
[PlyCount "44"]
[EventDate "2013.08.02"]
[EventType "team-swiss"]
[EventRounds "9"]
[EventCountry "RUS"]
[SourceTitle "EXT 2018"]
[Source "ChessBase"]
[SourceDate "2017.10.13"]
[SourceVersion "1"]
[SourceVersionDate "2017.10.13"]
[SourceQuality "1"]

1. d4 Nf6 2. Nf3 g6 3. c4 Bg7 4. Nc3 0-0 5. e4 d6 6. Be2 Na6 7. 0-0 e5 8. Re1 Qe8 9. Bf1 Bg4 10. Be3 Nb4 11. dxe5 Bxf3 12. Qxf3 Qxe5 13. Bf4 Qh5 14. Qd1 Qxd1 15. Rexd1 Nh5 16. Bd2 Rfe8 17. f3 Bd4+ 18. Kh1 Nc2 19. Rac1 Ne3 20. Bxe3 Bxe3 21. Rc2 Re5 22. Nd5 Ng3+ 0-1

[Event "St Petersburg-ch (Women) 81st"]
[Site "St Petersburg"]
[Date "2013.03.15"]
[Round "5"]
[White "Kiseleva, Arina"]
[Black "Chuprova, Irina"]
[Result "1/2-1/2"]
[WhiteElo "1975"]
[BlackElo "1933"]
[PlyCount "146"]
[EventDate "2013.03.11"]
[EventType "tourn"]
[EventRounds "11"]
[EventCountry "RUS"]
[SourceTitle "CBM 153 Extra"]
[Source "ChessBase"]
[SourceDate "2013.04.22"]
[SourceVersion "1"]
[SourceVersionDate "2013.04.22"]
[SourceQuality "1"]

1. d4 g6 2. Nf3 Bg7 3. g3 c5 4. dxc5 Qa5+ 5. c3 Qxc5 6. e4 d6 7. Bg2 Nf6 8. Qc2 Nc6 9. Be3 Qh5 10. h3 0-0 11. Nbd2 Bd7 12. Nd4 a6 13. Nc4 Nxd4 14. Bxd4 Be6 15. Nb6 Rad8 16. Qe2 Qxe2+ 17. Kxe2 Nd7 18. Bxg7 Kxg7 19. Nxd7 Rxd7 20. Rhd1 f5 21. exf5 Rxf5 22. Rd4 Rc7 23. a4 Bc4+ 24. Ke3 d5 25. Bf1 e5 26. Rd2 Rcf7 27. Bg2 e4 28. Ra3 Rc7 29. g4 Rf6 30. b3 Bd3 31. Kd4 Rfc6 32. Kxd5 Rxc3 33. Bxe4 Bxe4+ 34. Kxe4 Rxh3 35. g5 Re7+ 36. Kf4 Rc3 37. a5 Rf7+ 38. Kg4 Rcf3 39. Ra4 Rxf2 40. Rxf2 Rxf2 41. Rb4 Rf7 42. Rb6 h6 43. gxh6+ Kxh6 44. Kh4 Rf5 45. Rxb7 Rxa5 46. Rb6 Rb5 47. Rxa6 Rb4+ 48. Kg3 Rxb3+ 49. Kg4 Rb4+ 50. Kg3 Kh5 51. Ra3 Rb1 52. Rc3 Rg1+ 53. Kh3 g5 54. Kh2 Ra1 55. Kg3 Ra4 56. Rb3 Kg6 57. Rb6+ Kh5 58. Rb3 Rd4 59. Ra3 Re4 60. Rb3 Kg6 61. Rb6+ Kf5 62. Rb5+ Re5 63. Rxe5+ Kxe5 64. Kg4 Kf6 65. Kg3 Kf5 66. Kf3 g4+ 67. Kg3 Kg5 68. Kg2 Kh4 69. Kh2 g3+ 70. Kg2 Kg4 71. Kg1 Kh3 72. Kh1 g2+ 73. Kg1 Kg3 1/2-1/2

[Event "St Petersburg-ch (Women) 81st"]
[Site "St Petersburg"]
[Date "2013.03.12"]
[Round "2"]
[White "Chuprova, Irina"]
[Black "Balaian, Alina"]
[Result "0-1"]
[WhiteElo "1933"]
[BlackElo "2213"]
[PlyCount "62"]
[EventDate "2013.03.11"]
[EventType "tourn"]
[EventRounds "11"]
[EventCountry "RUS"]
[SourceTitle "CBM 153 Extra"]
[Source "ChessBase"]
[SourceDate "2013.04.22"]
[SourceVersion "1"]
[SourceVersionDate "2013.04.22"]
[SourceQuality "1"]

1. e4 e6 2. d4 d5 3. Nc3 Bb4 4. e5 c5 5. a3 Bxc3+ 6. bxc3 Qc7 7. Qg4 f5 8. exf6 Nxf6 9. Qg3 Qa5 10. Bd2 0-0 11. Nh3 Ne4 12. Qe3 cxd4 13. cxd4 Qxd2+ 14. Qxd2 Nxd2 15. Kxd2 Nc6 16. Ke3 e5 17. dxe5 d4+ 18. Ke2 Nxe5 19. f4 Nc4 20. Kf3 Nd2+ 21. Ke2 Ne4 22. g3 Re8 23. Kf3 Nd2+ 24. Kg2 Bd7 25. Bd3 Bc6+ 26. Kf2 Bxh1 27. Rxh1 Ne4+ 28. Kf3 Nf6 29. Bc4+ Kh8 30. Ng5 Re3+ 31. Kg2 Rc3 0-1

[Event "St Petersburg-ch sf (Women)"]
[Site "St Petersburg"]
[Date "2013.01.30"]
[Round "5"]
[White "Toporkova, Sofia"]
[Black "Chuprova, Irina"]
[Result "0-1"]
[WhiteElo "1747"]
[BlackElo "1943"]
[PlyCount "92"]
[EventDate "2013.01.26"]
[EventType "swiss"]
[EventRounds "9"]
[EventCountry "RUS"]
[SourceTitle "CBM 152 Extra"]
[Source "ChessBase"]
[SourceDate "2013.02.25"]
[SourceVersion "1"]
[SourceVersionDate "2013.02.25"]
[SourceQuality "1"]

1. d4 g6 2. c4 Bg7 3. e4 d6 4. Nc3 Nc6 5. Nf3 Bg4 6. Be3 e5 7. d5 Nd4 8. Bxd4 exd4 9. Nb5 c5 10. Bd3 a6 11. Na3 Bxf3 12. gxf3 Qa5+ 13. Qd2 Qxd2+ 14. Kxd2 Bh6+ 15. Ke2 Nf6 16. Nc2 Nh5 17. Rhd1 a5 18. Kf1 Bf4 19. Kg1 Be5 20. a3 Nf4 21. Rab1 h5 22. b4 axb4 23. axb4 Ra2 24. bxc5 Nxd3 25. Rxd3 Rxc2 26. Ra3 0-0 27. cxd6 Bxd6 28. Ra4 d3 29. Rd1 d2 30. Kf1 Bxh2 31. c5 g5 32. d6 Bf4 33. Rb4 Rxc5 34. Rxb7 Rc1 35. Ke2 Rxd1 36. Kxd1 Rd8 37. e5 Bxe5 38. Kxd2 Rxd6+ 39. Ke2 Bf4 40. Rb1 Rd2+ 41. Kf1 Kg7 42. Re1 Rc2 43. Kg2 h4 44. Rh1 Be3 45. Kh3 Rxf2 46. Kg4 Kg6 0-1

[Event "St Petersburg-ch sf (Women)"]
[Site "St Petersburg"]
[Date "2013.01.27"]
[Round "2"]
[White "Chuprova, Irina"]
[Black "Kolesnikova, Kristina"]
[Result "0-1"]
[WhiteElo "1943"]
[BlackElo "1965"]
[PlyCount "100"]
[EventDate "2013.01.26"]
[EventType "swiss"]
[EventRounds "9"]
[EventCountry "RUS"]
[SourceTitle "CBM 152 Extra"]
[Source "ChessBase"]
[SourceDate "2013.02.25"]
[SourceVersion "1"]
[SourceVersionDate "2013.02.25"]
[SourceQuality "1"]

1. e4 e5 2. Nf3 Nc6 3. d4 exd4 4. Nxd4 Bc5 5. Nb3 Bb6 6. Nc3 h6 7. Qe2 d6 8. Bd2 Nf6 9. f3 Be6 10. 0-0-0 Nd7 11. f4 Qe7 12. Be3 Nf6 13. Re1 0-0-0 14. Bxb6 axb6 15. Qd2 Rhe8 16. Nd4 Bd7 17. Nf3 Qf8 18. a3 Ng8 19. h3 f5 20. Bd3 fxe4 21. Bxe4 Bf5 22. Bxc6 bxc6 23. Nd4 Bd7 24. g4 Rxe1+ 25. Rxe1 Re8 26. Rf1 Kb7 27. Qg2 Qe7 28. Qf3 Qe3+ 29. Qxe3 Rxe3 30. Rf3 c5 31. Nd1 cxd4 32. Nxe3 dxe3 33. Rxe3 Kc8 34. g5 Kd8 35. Kd2 g6 36. Rg3 h5 37. Kc3 Ne7 38. Rf3 Bf5 39. a4 Kd7 40. b4 c5 41. bxc5 dxc5 42. Kc4 Bxc2 43. a5 bxa5 44. Kxc5 a4 45. Rc3 Bb3 46. Re3 Nd5 47. Rf3 Ke6 48. Kd4 Kf5 49. Rf2 a3 50. Rf1 a2 0-1

[Event "Chigorin Memorial 20th"]
[Site "St Petersburg"]
[Date "2012.11.04"]
[Round "9"]
[White "Chuprova, Irina"]
[Black "Bubnov, Kirill"]
[Result "0-1"]
[WhiteElo "1945"]
[BlackElo "1713"]
[PlyCount "72"]
[EventDate "2012.10.27"]
[EventType "swiss"]
[EventRounds "9"]
[EventCountry "RUS"]
[SourceTitle "EXT 2013"]
[Source "ChessBase"]
[SourceDate "2012.11.22"]
[SourceVersion "1"]
[SourceVersionDate "2012.11.22"]
[SourceQuality "1"]

1. e4 e6 2. d4 d5 3. Nc3 Bb4 4. e5 c5 5. a3 Bxc3+ 6. bxc3 Qa5 7. Bd2 Qa4 8. Bd3 Nc6 9. Qg4 g6 10. Nf3 c4 11. Be2 Qxc2 12. 0-0 h5 13. Qh3 g5 14. Rfc1 Qe4 15. Bxg5 Qxe2 16. Be3 Qd3 17. g3 Qf5 18. Qg2 Nh6 19. h4 Qe4 20. Rab1 Na5 21. Rb2 Nb3 22. Re1 Qd3 23. Ng5 Qxc3 24. Rbe2 Nxd4 25. Bxd4 Qxd4 26. Qf3 Nf5 27. Nh3 Qg4 28. Qg2 Nd4 29. Re3 Nc2 30. R1e2 Nxe3 31. Rxe3 d4 32. Re4 Qd1+ 33. Kh2 c3 34. Ng5 c2 35. Rf4 c1Q 36. Ne4 Qxf4 0-1

[Event "St Petersburg Botvinnik Memorial op"]
[Site "St Petersburg"]
[Date "2012.09.02"]
[Round "9"]
[White "Chuprova, Irina"]
[Black "Sorokina, Svetlana Vitalievna"]
[Result "1-0"]
[WhiteElo "1972"]
[BlackElo "1713"]
[PlyCount "117"]
[EventDate "2012.08.25"]
[EventType "swiss"]
[EventRounds "9"]
[EventCountry "RUS"]
[SourceTitle "CBM 150 Extra"]
[Source "ChessBase"]
[SourceDate "2012.10.19"]
[SourceVersion "1"]
[SourceVersionDate "2012.10.19"]
[SourceQuality "1"]

1. e4 e5 2. f4 exf4 3. Nf3 d6 4. Bc4 Be7 5. 0-0 Nf6 6. d4 0-0 7. Bd3 Bg4 8. Bxf4 Nc6 9. c3 d5 10. e5 Ne4 11. Nbd2 f5 12. Qb3 Na5 13. Qa4 c5 14. Kh1 c4 15. Bc2 a6 16. Bxe4 fxe4 17. Ng1 b5 18. Qc2 Nc6 19. a4 Bf5 20. Qd1 b4 21. Ne2 a5 22. Be3 Bg5 23. Nf4 Ne7 24. Rf2 Ng6 25. Nxd5 Bh4 26. Nf6+ Rxf6 27. exf6 Bxf2 28. f7+ Kxf7 29. Bxf2 Qd5 30. Be3 Kg8 31. Qh5 Be6 32. Qxd5 Bxd5 33. Rf1 Rf8 34. Kg1 Ne7 35. Rxf8+ Kxf8 36. Bf4 Nc6 37. Kf2 bxc3 38. bxc3 Ne7 39. Bd6 Ke8 40. Bxe7 Kxe7 41. Ke3 h6 42. Nxe4 Bc6 43. Nd2 Bd5 44. Kf4 Ke6 45. h4 g6 46. g4 Kf6 47. Ne4+ Ke6 48. Nc5+ Kd6 49. Ne4+ Ke6 50. g5 h5 51. Nd2 Kd6 52. Nf3 Bc6 53. Ne5 Bxa4 54. Nxc4+ Kc6 55. Ke5 Kb5 56. Na3+ Kc6 57. c4 Bd1 58. Kf6 Kd6 59. Kxg6 1-0

[Event "St Petersburg Botvinnik Memorial op"]
[Site "St Petersburg"]
[Date "2012.09.01"]
[Round "8"]
[White "Shemenko, Georgy"]
[Black "Chuprova, Irina"]
[Result "1-0"]
[WhiteElo "1746"]
[BlackElo "1972"]
[PlyCount "73"]
[EventDate "2012.08.25"]
[EventType "swiss"]
[EventRounds "9"]
[EventCountry "RUS"]
[SourceTitle "CBM 150 Extra"]
[Source "ChessBase"]
[SourceDate "2012.10.19"]
[SourceVersion "1"]
[SourceVersionDate "2012.10.19"]
[SourceQuality "1"]

1. e4 c5 2. Nf3 Nc6 3. Bb5 d6 4. Bxc6+ bxc6 5. 0-0 e5 6. h3 f5 7. d3 Nf6 8. Re1 Be7 9. c3 fxe4 10. dxe4 0-0 11. Qb3+ Kh8 12. Na3 Nh5 13. Be3 Nf4 14. Bxf4 Rxf4 15. Re3 Qe8 16. Nc4 Be6 17. Qa4 Qg6 18. Kh2 Raf8 19. Ncd2 d5 20. Nxe5 Qh5 21. Nd3 Rh4 22. Qxc6 Bg5 23. Qxe6 Bxe3 24. fxe3 dxe4 25. Nf4 Qg5 26. Nxe4 Qd8 27. Nd6 Qc7 28. Nd5 Qb8 29. Kh1 h6 30. Nf7+ Kh7 31. Ne7 Rxf7 32. Qxf7 Ra4 33. Nf5 Qe5 34. Ne7 Qb8 35. Qf5+ Kh8 36. Rf1 Rxa2 37. Ng6+ 1-0

[Event "St Petersburg Botvinnik Memorial op"]
[Site "St Petersburg"]
[Date "2012.08.26"]
[Round "2"]
[White "Palchun, Grigory"]
[Black "Chuprova, Irina"]
[Result "1-0"]
[WhiteElo "2189"]
[BlackElo "1972"]
[PlyCount "99"]
[EventDate "2012.08.25"]
[EventType "swiss"]
[EventRounds "9"]
[EventCountry "RUS"]
[SourceTitle "CBM 150 Extra"]
[Source "ChessBase"]
[SourceDate "2012.10.19"]
[SourceVersion "1"]
[SourceVersionDate "2012.10.19"]
[SourceQuality "1"]

1. e4 c5 2. Nc3 Nc6 3. g3 g6 4. Bg2 Bg7 5. d3 e6 6. f4 Nge7 7. Nf3 0-0 8. 0-0 b6 9. Be3 d5 10. Bf2 d4 11. Ne2 e5 12. h3 Ba6 13. b3 b5 14. Nh4 Rc8 15. f5 f6 16. fxg6 hxg6 17. g4 c4 18. Be1 Bh6 19. Bd2 Bxd2 20. Qxd2 Kg7 21. g5 Ng8 22. gxf6+ Rxf6 23. Nf3 Qe7 24. Ng3 Nh6 25. h4 c3 26. Qg5 Rf7 27. Qc1 Ng4 28. h5 Ne3 29. hxg6 Nxf1 30. Kxf1 Rff8 31. Nf5+ Rxf5 32. exf5 Qf6 33. Bh3 Rh8 34. Kg2 Ne7 35. Qg5 Nd5 36. Kg3 Bb7 37. Qxf6+ Kxf6 38. Nh2 Nf4 39. Bg4 Bc8 40. Re1 Bxf5 41. g7 Rg8 42. Bxf5 Kxf5 43. Ng4 Nh5+ 44. Kh4 Rxg7 45. Rxe5+ Kf4 46. Re4+ Kf3 47. Kxh5 Rh7+ 48. Kg6 Rh1 49. Ne5+ Kf2 50. Nc6 1-0

[Event "Liptovsky Mikulas CupT U20"]
[Site "Liptovsky Mikulas"]
[Date "2012.06.26"]
[Round "7.4"]
[White "Chuprova, Irina"]
[Black "Sucikova, Svetlana"]
[Result "1-0"]
[WhiteElo "1887"]
[BlackElo "1904"]
[PlyCount "93"]
[EventDate "2012.06.22"]
[EventType "team-swiss"]
[EventRounds "9"]
[EventCountry "SVK"]
[SourceTitle "CBM 149 Extra"]
[Source "ChessBase"]
[SourceDate "2012.08.24"]
[SourceVersion "1"]
[SourceVersionDate "2012.08.24"]
[SourceQuality "1"]
[WhiteTeam "St Petersburg"]
[BlackTeam "Stara Lubovna"]
[WhiteTeamCountry "RUS"]
[BlackTeamCountry "SVK"]

1. e4 e5 2. Nf3 Nc6 3. Bc4 Bc5 4. c3 Nf6 5. d4 exd4 6. e5 d5 7. Bb5 Ne4 8. cxd4 Bb4+ 9. Bd2 Nxd2 10. Bxc6+ bxc6 11. Nbxd2 Bd7 12. a3 Be7 13. Nb3 0-0 14. 0-0 Rb8 15. Qc2 Rb6 16. Na5 c5 17. dxc5 Rg6 18. Kh1 c6 19. Nb3 Qc8 20. Nbd4 Rh6 21. Rae1 g5 22. Qd2 Rh5 23. Ne2 g4 24. Ng3 gxf3 25. Nxh5 fxg2+ 26. Kxg2 Bh3+ 27. Kh1 Bxf1 28. Qh6 Qg4 29. Rxf1 Qf3+ 30. Kg1 Qg4+ 31. Ng3 Rc8 32. b4 Bg5 33. Qh5 Qf4 34. h4 Bxh4 35. Qf5 Qxf5 36. Nxf5 Bd8 37. f4 a5 38. Nd4 a4 39. f5 Bg5 40. Rf3 Kf8 41. f6 h6 42. Nf5 Rb8 43. Ne7 Re8 44. Nxc6 Rc8 45. Ne7 Rd8 46. c6 d4 47. c7 1-0

[Event "Liptovsky Mikulas CupT U20"]
[Site "Liptovsky Mikulas"]
[Date "2012.06.24"]
[Round "4.4"]
[White "Kral, Klaudia"]
[Black "Chuprova, Irina"]
[Result "0-1"]
[WhiteElo "1909"]
[BlackElo "1887"]
[PlyCount "198"]
[EventDate "2012.06.22"]
[EventType "team-swiss"]
[EventRounds "9"]
[EventCountry "SVK"]
[SourceTitle "CBM 149 Extra"]
[Source "ChessBase"]
[SourceDate "2012.08.24"]
[SourceVersion "1"]
[SourceVersionDate "2012.08.24"]
[SourceQuality "1"]
[WhiteTeam "Osuske"]
[BlackTeam "St Petersburg"]
[WhiteTeamCountry "SVK"]
[BlackTeamCountry "RUS"]

1. e4 c5 2. c3 Qc7 3. d4 d6 4. Nf3 e5 5. Bb5+ Bd7 6. Bxd7+ Nxd7 7. 0-0 g6 8. Qe2 Bg7 9. d5 Ne7 10. c4 h6 11. Nc3 a6 12. Bd2 f5 13. exf5 gxf5 14. Nh4 0-0-0 15. Rab1 Bf6 16. Qh5 Bg5 17. Bxg5 hxg5 18. Qxg5 Nb6 19. Nxf5 Nxf5 20. Qxf5+ Kb8 21. b3 Rdf8 22. Qd3 Qe7 23. Rbe1 Qh4 24. h3 Nd7 25. Ne4 Rh6 26. Qg3 Qh5 27. Qg5 Qxg5 28. Nxg5 Rg8 29. Ne4 Nf8 30. Re3 Ng6 31. Rg3 Rf8 32. Nxd6 Nf4 33. Re1 Rxd6 34. Rxe5 Ng6 35. Ree3 Rdf6 36. f3 Nh4 37. Rg4 Nf5 38. Re1 Kc7 39. Rge4 R8f7 40. Kf2 Nd4 41. Re7+ Kd6 42. Rxf7 Rxf7 43. Re3 b5 44. g4 Rb7 45. Kg3 bxc4 46. bxc4 Rb4 47. h4 Rxc4 48. h5 Rb4 49. h6 Kxd5 50. h7 Rb8 51. Re7 Ne6 52. f4 Kd6 53. Rb7 Rh8 54. f5 Ng5 55. Kf4 Nxh7 56. Rb6+ Ke7 57. Rc6 Nf6 58. Rxc5 Rh4 59. Ra5 Rxg4+ 60. Kf3 Rg1 61. Rxa6 Rf1+ 62. Ke3 Rxf5 63. Kd4 Nd7 64. a4 Nb8 65. Ra7+ Kd6 66. Kc3 Nc6 67. Rh7 Kc5 68. Rh4 Rf3+ 69. Kd2 Nd4 70. a5 Kc4 71. Rh8 Rd3+ 72. Ke1 Ra3 73. Rc8+ Kd3 74. Kf2 Rxa5 75. Re8 Rg5 76. Re3+ Kd2 77. Rg3 Rf5+ 78. Kg2 Ne2 79. Rf3 Rg5+ 80. Kf2 Nc1 81. Rg3 Rf5+ 82. Rf3 Nd3+ 83. Kg3 Rg5+ 84. Kh4 Rb5 85. Kg3 Rb4 86. Rf1 Ke2 87. Rf3 Ne5 88. Rf2+ Ke3 89. Rg2 Rb8 90. Kh3 Kf4 91. Rf2+ Nf3 92. Kg2 Rg8+ 93. Kf1 Re8 94. Kg2 Re3 95. Kh3 Kg5 96. Rg2+ Kf4 97. Rf2 Re1 98. Kg2 Rg1+ 99. Kh3 Rg3# 0-1

[Event "Liptovsky Mikulas CupT U20"]
[Site "Liptovsky Mikulas"]
[Date "2012.06.23"]
[Round "3.4"]
[White "Chuprova, Irina"]
[Black "Terbe, Zsuzsanna"]
[Result "1-0"]
[WhiteElo "1887"]
[BlackElo "1752"]
[PlyCount "73"]
[EventDate "2012.06.22"]
[EventType "team-swiss"]
[EventRounds "9"]
[EventCountry "SVK"]
[SourceTitle "CBM 149 Extra"]
[Source "ChessBase"]
[SourceDate "2012.08.24"]
[SourceVersion "1"]
[SourceVersionDate "2012.08.24"]
[SourceQuality "1"]
[WhiteTeam "St Petersburg"]
[BlackTeam "Barcza Gedeon"]
[WhiteTeamCountry "RUS"]
[BlackTeamCountry "HUN"]

1. e4 e6 2. d4 d5 3. Nc3 Bb4 4. e5 c5 5. a3 Bxc3+ 6. bxc3 Qa5 7. Bd2 Qa4 8. Bd3 cxd4 9. Qg4 g6 10. Qxd4 Qd7 11. f4 Nc6 12. Qf2 Nge7 13. Nf3 a6 14. a4 Qc7 15. 0-0 Bd7 16. Be3 Nc8 17. Qh4 Qd8 18. Qh6 Qe7 19. a5 Qf8 20. Qh4 Qe7 21. Qf2 Qd8 22. c4 dxc4 23. Bxc4 Nxa5 24. Bd3 Nc6 25. Ng5 Nb4 26. Be4 Bc6 27. Bc5 Nd5 28. c4 Nde7 29. Bxc6+ Nxc6 30. Ne4 N6e7 31. Rfd1 Qc7 32. Nf6+ Kf8 33. Rd7 Qc6 34. Rd8+ Kg7 35. Nh5+ Kh6 36. Rxh8 gxh5 37. Bxe7 1-0